000 01447cam a22003614a 4500
001 13436610
003 OSt
005 20140310181746.0
008 031217s2004 enka bd 001 0 eng
010 _a 2003070657
020 _a1403921350 (pbk.)
040 _aDLC
_cDLC
_dDLC
042 _apcc
050 0 0 _aHD 30.28
_b.S913 2004
082 0 0 _aIB 658.401203
_bSu8 2004
100 1 _aSutherland, Jonathan.
245 1 0 _aKey concepts in strategic management /
_cJonathan Sutherland and Diane Canwell.
260 _aHoundmills, Basingstoke, Hampshire ;
_aNew York :
_bPalgrave Macmillan,
_c2004.
300 _aix, 294 p. :
_bill. ;
_c22 cm.
440 0 _aPalgrave key concepts
504 _aIncludes bibliographical references and index.
521 _bLexile
562 _eFor circulation. 1 copy in the collection
650 0 _aStrategic planning
_vDictionaries.
700 1 _aCanwell, Diane.
856 4 2 _3Contributor biographical information
_uhttp://www.loc.gov/catdir/bios/hol059/2003070657.html
856 4 2 _3Publisher description
_uhttp://www.loc.gov/catdir/description/hol053/2003070657.html
856 4 1 _3Table of contents
_uhttp://www.loc.gov/catdir/toc/hol051/2003070657.html
906 _a7
_bcbc
_corignew
_d1
_eocip
_f20
_gy-gencatlg
942 _2lcc
_cBK
999 _c2993
_d2993